[Event "Regionalliga Sued-Ost 1718"]
[Site "Bayern"]
[Date "2018.02.25"]
[Round "7.4"]
[White "Stoffel, Matthias"]
[Black "Flassak, Bernhard"]
[Result "1-0"]
[WhiteElo "1955"]
[BlackElo "2037"]
[PlyCount "39"]
[EventDate "2017.10.22"]
[EventType "team-tourn"]
[EventRounds "9"]
[EventCountry "GER"]
[SourceTitle "EXT 2022"]
[Source "ChessBase"]
[SourceDate "2021.10.06"]
[SourceVersion "1"]
[SourceVersionDate "2021.10.06"]
[SourceQuality "1"]
[WhiteTeam "Bruckmuehl SK"]
[BlackTeam "Freising SK"]
[WhiteTeamCountry "GER"]
[BlackTeamCountry "GER"]

1. d4 Nf6 2. Nf3 d5 3. c4 e6 4. Nc3 Be7 5. Bf4 0-0 6. e3 b6 7. cxd5 exd5 8. Ne5 Bb7 9. Bd3 c5 10. Qf3 Nc6 11. Rc1 cxd4 12. Nxc6 Bxc6 13. exd4 Ne4 14. 0-0 Nxc3 15. Rxc3 Bb7 16. Rc7 Bc8 17. Rfc1 Be6 18. Be5 Bd6 19. Qh5 g6 20. Bxg6 1-0

[Event "Landesliga Sued 1415"]
[Site "Bayern"]
[Date "2015.02.01"]
[Round "6.5"]
[White "Sargin, Anatol"]
[Black "Flassak, Bernhard"]
[Result "1/2-1/2"]
[WhiteElo "2092"]
[BlackElo "2054"]
[PlyCount "42"]
[EventDate "2014.10.19"]
[EventType "team-tourn"]
[EventRounds "9"]
[EventCountry "GER"]
[SourceTitle "EXT 2018"]
[Source "ChessBase"]
[SourceDate "2017.10.13"]
[SourceVersion "1"]
[SourceVersionDate "2017.10.13"]
[SourceQuality "1"]
[WhiteTeam "Unterhaching"]
[BlackTeam "Freising"]
[WhiteTeamCountry "GER"]
[BlackTeamCountry "GER"]

1. e4 c6 2. d4 d5 3. exd5 cxd5 4. c4 e6 5. Nc3 dxc4 6. Bxc4 Nf6 7. Nf3 Nc6 8. 0-0 Be7 9. Re1 0-0 10. Bf4 Nb4 11. Ne5 Nbd5 12. Bg3 Bd7 13. Qb3 Nb6 14. Be2 Bc6 15. Nxc6 bxc6 16. Rad1 Bd6 17. Bh4 Nbd5 18. Bf3 Rb8 19. Qc2 Qc7 20. h3 h6 21. Bxf6 Nxf6 1/2-1/2

[Event "Landesliga Sued 1213"]
[Site "Bayern"]
[Date "2013.02.03"]
[Round "6.5"]
[White "Romfeld, Michael"]
[Black "Flassak, Bernhard"]
[Result "1-0"]
[WhiteElo "2094"]
[BlackElo "2045"]
[PlyCount "49"]
[EventDate "2012.10.14"]
[EventType "team-tourn"]
[EventRounds "9"]
[EventCountry "GER"]
[SourceTitle "EXT 2015"]
[Source "ChessBase"]
[SourceDate "2014.11.20"]
[SourceVersion "1"]
[SourceVersionDate "2014.11.20"]
[SourceQuality "1"]
[WhiteTeam "Haunstetten"]
[BlackTeam "Freising"]
[WhiteTeamCountry "GER"]
[BlackTeamCountry "GER"]

1. d4 Nf6 2. c4 e6 3. Nc3 d5 4. Nf3 Be7 5. g3 0-0 6. Bg2 dxc4 7. 0-0 a6 8. Ne5 Nbd7 9. Nxc4 Rb8 10. Bf4 Nh5 11. Bd2 c5 12. dxc5 Nxc5 13. e4 g6 14. Bh6 Re8 15. Qxd8 Rxd8 16. g4 Nf6 17. Bf4 e5 18. Bxe5 Be6 19. Nb6 Nxg4 20. Bxb8 Rxb8 21. Rad1 Bd8 22. Ncd5 Nf6 23. Nxf6+ Bxf6 24. b4 Bd8 25. bxc5 1-0

[Event "Landesliga Sued 1213"]
[Site "Bayern"]
[Date "2013.01.13"]
[Round "5.5"]
[White "Flassak, Bernhard"]
[Black "Bergauz, Avigdor"]
[Result "0-1"]
[WhiteElo "2045"]
[BlackElo "2182"]
[PlyCount "118"]
[EventDate "2012.10.14"]
[EventType "team-tourn"]
[EventRounds "9"]
[EventCountry "GER"]
[SourceTitle "EXT 2015"]
[Source "ChessBase"]
[SourceDate "2014.11.20"]
[SourceVersion "1"]
[SourceVersionDate "2014.11.20"]
[SourceQuality "1"]
[WhiteTeam "Freising"]
[BlackTeam "Muenchen Suedost"]
[WhiteTeamCountry "GER"]
[BlackTeamCountry "GER"]

1. e4 c6 2. d4 d5 3. e5 Bf5 4. Nf3 e6 5. Be2 Nd7 6. 0-0 Ne7 7. c4 dxc4 8. Bxc4 Nb6 9. Be2 Ned5 10. Bd2 Be7 11. Nc3 0-0 12. Rc1 Nxc3 13. Bxc3 Bg4 14. h3 Bh5 15. Qc2 Nd5 16. Bd2 Qb6 17. Bc3 Nf4 18. Bd1 a5 19. Qd2 Nd5 20. Bc2 Nb4 21. Bb1 Bxf3 22. gxf3 Qd8 23. Rfe1 Bg5 24. f4 Bh6 25. Bxb4 axb4 26. Re4 Qh4 27. Qd3 g6 28. Qg3 Qh5 29. Rce1 Rfd8 30. Qb3 Rd7 31. Qxb4 Qxh3 32. Qc3 Qg4+ 33. Qg3 Qxg3+ 34. fxg3 Rad8 35. Kf2 Rxd4 36. Rxd4 Rxd4 37. Ke3 Rd7 38. Rc1 Bf8 39. Rc4 h5 40. Be4 Be7 41. Ra4 Kg7 42. Rc4 Bd8 43. Rb4 Ba5 44. Rb3 Bd2+ 45. Kf3 Bc1 46. Rb6 g5 47. fxg5 Bxg5 48. Rb4 Bd2 49. Rc4 Ba5 50. Rc5 Bb6 51. Rc4 Rd2 52. Rc2 Rxc2 53. Bxc2 Bd4 54. Ke4 Bxb2 55. Bd1 Kg6 56. Bc2 Kg5 57. a4 Bc3 58. Bd1 b5 59. Bb3 Be1 0-1

[Event "Landesliga Sued 1112"]
[Site "Bayern"]
[Date "2012.01.15"]
[Round "5.5"]
[White "Flassak, Bernhard"]
[Black "Nurbekoglu, Michael"]
[Result "1-0"]
[WhiteElo "2062"]
[BlackElo "2054"]
[PlyCount "57"]
[EventDate "2011.10.02"]
[EventType "team-tourn"]
[EventRounds "9"]
[EventCountry "GER"]
[SourceTitle "EXT 2013"]
[Source "ChessBase"]
[SourceDate "2012.11.22"]
[SourceVersion "1"]
[SourceVersionDate "2012.11.22"]
[SourceQuality "1"]
[WhiteTeam "Freising"]
[BlackTeam "Landshut"]
[WhiteTeamCountry "GER"]
[BlackTeamCountry "GER"]

1. e4 c5 2. c3 e6 3. d4 d5 4. exd5 exd5 5. Nf3 Nf6 6. Be2 Be7 7. dxc5 Bxc5 8. 0-0 0-0 9. Bg5 Be6 10. Nbd2 h6 11. Bh4 Nc6 12. Nb3 Be7 13. Nbd4 Ne4 14. Bxe7 Qxe7 15. Bd3 Nf6 16. Re1 Qd6 17. Nxe6 fxe6 18. Qe2 Rae8 19. Bg6 Re7 20. Nd4 Nd7 21. Rad1 Nxd4 22. Rxd4 e5 23. Bc2 Ref7 24. Qd3 e4 25. Qxe4 dxe4 26. Rxd6 Nc5 27. Rd2 Re7 28. b4 Nd7 29. Rxe4 1-0

[Event "Landesliga Sued 1112"]
[Site "Bayern"]
[Date "2011.10.23"]
[Round "2.4"]
[White "Flassak, Bernhard"]
[Black "Tyomkyn, Mikhail"]
[Result "1/2-1/2"]
[WhiteElo "2062"]
[BlackElo "2072"]
[PlyCount "62"]
[EventDate "2011.10.02"]
[EventType "team-tourn"]
[EventRounds "9"]
[EventCountry "GER"]
[SourceTitle "EXT 2013"]
[Source "ChessBase"]
[SourceDate "2012.11.22"]
[SourceVersion "1"]
[SourceVersionDate "2012.11.22"]
[SourceQuality "1"]
[WhiteTeam "Freising"]
[BlackTeam "Haunstetten"]
[WhiteTeamCountry "GER"]
[BlackTeamCountry "GER"]

1. d4 Nf6 2. Nf3 g6 3. c4 Bg7 4. Nc3 d5 5. e3 0-0 6. Be2 c6 7. 0-0 Nbd7 8. Qb3 dxc4 9. Bxc4 Nb6 10. Bd3 Be6 11. Qc2 Rc8 12. Rd1 Qc7 13. Bd2 Rfd8 14. Rac1 Nbd5 15. Ne2 Qb6 16. Qa4 Qc7 17. h3 Bf5 18. Ba5 b6 19. Be1 Bxd3 20. Rxd3 Nd7 21. b4 b5 22. Qb3 N7b6 23. Nd2 e5 24. dxe5 Qxe5 25. Nd4 Qe8 26. Qb1 Bf8 27. a3 a6 28. N4b3 Na4 29. Nc5 Nxc5 30. bxc5 Bg7 31. Nb3 Qe4 1/2-1/2

[Event "Landesliga Sued 1112"]
[Site "Bayern"]
[Date "2011.10.02"]
[Round "1.5"]
[White "Fuchs, Georg"]
[Black "Flassak, Bernhard"]
[Result "1-0"]
[WhiteElo "2248"]
[BlackElo "2062"]
[PlyCount "85"]
[EventDate "2011.10.02"]
[EventType "team-tourn"]
[EventRounds "9"]
[EventCountry "GER"]
[SourceTitle "EXT 2013"]
[Source "ChessBase"]
[SourceDate "2012.11.22"]
[SourceVersion "1"]
[SourceVersionDate "2012.11.22"]
[SourceQuality "1"]
[WhiteTeam "Weilheim"]
[BlackTeam "Freising"]
[WhiteTeamCountry "GER"]
[BlackTeamCountry "GER"]

1. e4 c6 2. d4 d5 3. Nc3 dxe4 4. Nxe4 Bf5 5. Ng3 Bg6 6. h4 h6 7. Nf3 Nf6 8. Bc4 e6 9. Ne5 Bh7 10. Qe2 Nd5 11. h5 Nd7 12. 0-0 Be7 13. c3 0-0 14. Re1 N7f6 15. Bd3 Bxd3 16. Nxd3 Re8 17. Bd2 a5 18. a3 Nb6 19. Ne5 Bd6 20. Rad1 Qc7 21. c4 c5 22. b4 axb4 23. axb4 Bxe5 24. dxe5 Nfd7 25. Ne4 Ra2 26. Nd6 Rd8 27. Qe4 Nf8 28. bxc5 Nbd7 29. Nxb7 Nxc5 30. Nxc5 Qxc5 31. Be3 Qc8 32. c5 Rd7 33. c6 Rd5 34. Rc1 Qc7 35. Qb4 Ra8 36. Qb7 Qc8 37. Red1 Kh7 38. Rxd5 exd5 39. Qxf7 Qe6 40. Qxe6 Nxe6 41. c7 Rc8 42. Rc6 d4 43. Bd2 1-0

[Event "Landesliga Sued 1011"]
[Site "Bayern"]
[Date "2010.12.12"]
[Round "4.6"]
[White "Stelter, Felix"]
[Black "Flassak, Bernhard"]
[Result "1/2-1/2"]
[WhiteElo "2209"]
[BlackElo "2019"]
[PlyCount "94"]
[EventDate "2010.10.10"]
[EventType "team-tourn"]
[EventRounds "9"]
[EventCountry "GER"]
[SourceTitle "EXT 2012"]
[Source "ChessBase"]
[SourceDate "2011.11.24"]
[SourceVersion "1"]
[SourceVersionDate "2011.11.24"]
[SourceQuality "1"]
[WhiteTeam "Kriegshaber"]
[BlackTeam "Freising"]
[WhiteTeamCountry "GER"]
[BlackTeamCountry "GER"]

1. d4 Nf6 2. c4 e6 3. Nc3 d5 4. Bg5 Be7 5. e3 0-0 6. Nf3 h6 7. Bh4 b6 8. Be2 Bb7 9. 0-0 Nbd7 10. Bg3 Nh5 11. Be5 Nhf6 12. Rc1 Nxe5 13. Nxe5 Bd6 14. Qc2 dxc4 15. Nxc4 a6 16. a3 Rc8 17. e4 Be7 18. Rcd1 c6 19. Bf3 Qc7 20. Rfe1 Rfd8 21. b4 Nd7 22. e5 a5 23. Qb3 axb4 24. axb4 Ba6 25. Rc1 Qb8 26. b5 cxb5 27. Nxb5 Bxb5 28. Qxb5 Qc7 29. Rc2 Nb8 30. Ne3 Qa7 31. Rxc8 Rxc8 32. d5 exd5 33. Nxd5 Bc5 34. e6 fxe6 35. Bg4 Bxf2+ 36. Kxf2 Rf8+ 37. Kg1 exd5 38. Qxd5+ Kh8 39. Qd6 b5+ 40. Kh1 Qf2 41. Rg1 Qf4 42. Qc5 b4 43. h3 Na6 44. Qb5 Nc7 45. Qb7 Ne8 46. Rb1 Nf6 47. Rxb4 Qf1+ 1/2-1/2

[Event "Landesliga Sued 0708"]
[Site "Bayern"]
[Date "2007.12.09"]
[Round "4.6"]
[White "Flassak, Bernhard"]
[Black "Schulz, Juergen2222"]
[Result "1-0"]
[WhiteElo "1994"]
[BlackElo "2125"]
[PlyCount "93"]
[EventDate "2007.10.21"]
[EventType "team-tourn"]
[EventRounds "9"]
[EventCountry "GER"]
[SourceTitle "EXT 2009"]
[Source "ChessBase"]
[SourceDate "2008.11.26"]
[SourceVersion "1"]
[SourceVersionDate "2008.11.26"]
[SourceQuality "1"]
[WhiteTeam "Freising"]
[BlackTeam "Bayern Muenchen III"]
[WhiteTeamCountry "GER"]
[BlackTeamCountry "GER"]

1. d4 Nf6 2. Nf3 e6 3. c4 Bb4+ 4. Bd2 Be7 5. Nc3 d5 6. Bg5 Nbd7 7. e3 0-0 8. Bd3 b6 9. cxd5 exd5 10. 0-0 Bb7 11. Qe2 a6 12. Rac1 Re8 13. Rfd1 Ne4 14. Bf4 Bd6 15. Bxd6 Nxd6 16. Bc2 Qe7 17. Ba4 b5 18. Bc2 g6 19. Nd2 c6 20. Re1 f5 21. Bd3 Rac8 22. a4 Kg7 23. Nb3 Ne4 24. Na2 Ba8 25. Qc2 Rb8 26. axb5 axb5 27. Qc3 Nb6 28. Nc5 Nd7 29. b3 Nd6 30. Nb4 Rbc8 31. Ra1 Nf6 32. Ra2 Kh6 33. Rea1 Nfe4 34. Bxe4 fxe4 35. Ra7 Qf6 36. Nd7 Qf5 37. Nb6 Rf8 38. Qe1 Bb7 39. Nxc8 Rxc8 40. Na6 Rf8 41. Nc5 Bc8 42. Rc7 Ne8 43. Re7 Nf6 44. h3 Qh5 45. Ne6 Ng8 46. Rxh7+ Kxh7 47. Ra7+ 1-0

[Event "Regionalliga SO 0607"]
[Site "Bayern"]
[Date "2006.11.19"]
[Round "3.5"]
[White "Luft, Martin"]
[Black "Flassak, Bernhard"]
[Result "1-0"]
[WhiteElo "2074"]
[BlackElo "2010"]
[PlyCount "85"]
[EventDate "2006.10.15"]
[EventType "team-tourn"]
[EventRounds "9"]
[EventCountry "GER"]
[SourceTitle "EXT 2008"]
[Source "ChessBase"]
[SourceDate "2007.11.25"]
[SourceVersion "1"]
[SourceVersionDate "2007.11.25"]
[SourceQuality "1"]
[WhiteTeam "Graefelfing"]
[BlackTeam "Freising"]
[WhiteTeamCountry "GER"]
[BlackTeamCountry "GER"]

1. Nf3 Nf6 2. d4 e6 3. c4 Bb4+ 4. Nbd2 b6 5. a3 Be7 6. e4 Bb7 7. Qc2 d5 8. cxd5 exd5 9. e5 Ne4 10. Bd3 f5 11. exf6 Nxf6 12. 0-0 0-0 13. Ng5 h6 14. Ne6 Qd6 15. Nxf8 Bxf8 16. Nf3 Nbd7 17. Re1 Ne4 18. Nd2 Ndf6 19. f3 Ng5 20. Nf1 Ne6 21. Be3 c5 22. dxc5 bxc5 23. Rad1 Qc6 24. Bf5 Re8 25. Bf2 Nc7 26. Rxe8 Ncxe8 27. Qe2 Nc7 28. Ng3 Ba6 29. Qd2 Bc4 30. Bd3 Bb3 31. Bc2 Qa4 32. Bxb3 Qxb3 33. Rc1 Ne6 34. Nf5 d4 35. Re1 Qd5 36. Ng3 Bd6 37. Ne4 Be5 38. Bg3 Nxe4 39. Rxe4 Bxg3 40. hxg3 Ng5 41. Re1 c4 42. Qf4 a5 43. Qe5 1-0

[Event "Regionalliga SO 0506"]
[Site "Bayern"]
[Date "2006.01.29"]
[Round "6.5"]
[White "Meingast, Markus"]
[Black "Flassak, Bernhard"]
[Result "1-0"]
[WhiteElo "2031"]
[BlackElo "2025"]
[PlyCount "79"]
[EventDate "2005.10.23"]
[EventType "team-tourn"]
[EventRounds "9"]
[EventCountry "GER"]
[SourceTitle "EXT 2007"]
[Source "ChessBase"]
[SourceDate "2006.11.23"]
[SourceVersion "1"]
[SourceVersionDate "2006.11.23"]
[SourceQuality "1"]
[WhiteTeam "Pang/Rosenheim II"]
[BlackTeam "Freising SK"]
[WhiteTeamCountry "GER"]
[BlackTeamCountry "GER"]

1. e4 c6 2. d4 d5 3. e5 Bf5 4. Ne2 e6 5. Ng3 Bg6 6. h4 h6 7. h5 Bh7 8. Bd3 Bxd3 9. Qxd3 Qa5+ 10. Nc3 Qa6 11. Be3 Qxd3 12. cxd3 Nd7 13. Rc1 f6 14. f4 f5 15. Ke2 Bb4 16. a3 Bxc3 17. Rxc3 Ne7 18. Bd2 b6 19. Rhc1 Kf7 20. R3c2 Rag8 21. Bb4 g5 22. Bxe7 Kxe7 23. Kf3 c5 24. Ne2 Rh7 25. g3 Rhg7 26. b4 cxd4 27. Rc7 Kd8 28. Rc8+ Ke7 29. Rxg8 Rxg8 30. Nxd4 Rg7 31. Rc6 gxf4 32. Rxe6+ Kd8 33. gxf4 Rg1 34. Nxf5 Rf1+ 35. Kg4 Rg1+ 36. Ng3 Rd1 37. Rd6 Ke7 38. Rxd5 Nf8 39. Nf5+ Ke8 40. Nxh6 1-0

[Event "Regionalliga SO 0001"]
[Site "Bayern"]
[Date "2000.11.12"]
[Round "2.7"]
[White "Brandl, Franz"]
[Black "Flassak, Bernhard"]
[Result "0-1"]
[WhiteElo "2060"]
[BlackElo "2005"]
[PlyCount "96"]
[EventDate "2000.10.15"]
[EventType "team-tourn"]
[EventRounds "9"]
[EventCountry "GER"]
[SourceTitle "EXT 2020"]
[Source "ChessBase"]
[SourceDate "2019.10.17"]
[SourceVersion "1"]
[SourceVersionDate "2019.10.17"]
[SourceQuality "1"]
[WhiteTeam "Unterpfaff Germering"]
[BlackTeam "Freising SK"]
[WhiteTeamCountry "GER"]
[BlackTeamCountry "GER"]

1. e4 c5 2. c3 e6 3. d4 d5 4. Bd3 dxe4 5. Bxe4 Nf6 6. Bf3 Nc6 7. Ne2 Be7 8. 0-0 0-0 9. Be3 Qb6 10. b4 cxd4 11. Nxd4 Nxd4 12. Bxd4 Qc7 13. Qe2 Bd7 14. Be5 Qc8 15. Nd2 Bc6 16. Rac1 Rd8 17. Nb3 Bxf3 18. Qxf3 Rd5 19. Rfe1 Qd7 20. Bd4 Rf5 21. Qe2 Nd5 22. Rcd1 Qc7 23. Be5 Qc8 24. c4 Nxb4 25. Nd4 Rxe5 26. Qxe5 Qxc4 27. Re4 Rd8 28. Rg4 f6 29. Qh5 f5 30. Rg3 Rxd4 31. Rxd4 Qxd4 32. Qe8+ Bf8 33. Qxe6+ Kh8 34. h3 g6 35. Rb3 Qd1+ 36. Kh2 Qd6+ 37. Qxd6 Bxd6+ 38. Kg1 Nxa2 39. Rxb7 a5 40. Rd7 Bb4 41. Ra7 Nc3 42. Rb7 Kg8 43. g4 f4 44. h4 Bc5 45. Kg2 a4 46. h5 gxh5 47. gxh5 a3 48. h6 a2 0-1

[Event "Regionalliga SO 9900"]
[Site "Bayern"]
[Date "1999.??.??"]
[Round "1.4"]
[White "Doerfler, Guenther"]
[Black "Flassak, Bernhard"]
[Result "1/2-1/2"]
[WhiteElo "2065"]
[BlackElo "2010"]
[PlyCount "146"]
[EventDate "1999.??.??"]
[EventType "team-tourn"]
[EventRounds "9"]
[EventCountry "GER"]
[SourceTitle "EXT 2020"]
[Source "ChessBase"]
[SourceDate "2019.10.17"]
[SourceVersion "1"]
[SourceVersionDate "2019.10.17"]
[SourceQuality "1"]
[WhiteTeam "Deggendorf"]
[BlackTeam "Freising SK"]
[WhiteTeamCountry "GER"]
[BlackTeamCountry "GER"]

1. e4 c5 2. Nf3 Nc6 3. Bb5 Na5 4. d4 a6 5. Be2 cxd4 6. Nxd4 e6 7. 0-0 Qc7 8. b3 Nf6 9. Bf3 d6 10. c4 Be7 11. Bb2 0-0 12. Nc3 Bd7 13. g3 Rac8 14. Bg2 Qb8 15. Qe2 Rfe8 16. Kh1 Nc6 17. Nc2 d5 18. exd5 exd5 19. Nxd5 Nxd5 20. Bxd5 Bf6 21. Ne3 Bxb2 22. Qxb2 Nb4 23. Qd4 Nxd5 24. cxd5 Qc7 25. Qd2 Rcd8 26. Rac1 Qe5 27. Nc4 Qf5 28. Kg1 Bc6 29. Ne3 Qf3 30. Rfd1 h5 31. Rc4 g5 32. Rd4 Bd7 33. Ng2 f6 34. Qd3 Bg4 35. Qg6+ Kf8 36. R4d3 Qf5 37. Qxf5 Bxf5 38. Re3 Be4 39. d6 Bxg2 40. Rxe8+ Kxe8 41. Kxg2 Kd7 42. h4 Rg8 43. Rd4 gxh4 44. Rxh4 Rg5 45. Rf4 Ke6 46. Rd4 Kd7 47. Rb4 b5 48. Rf4 Ke6 49. d7 Rd5 50. a4 Rxd7 51. Kh3 Rd5 52. Kh4 Kf7 53. Rb4 Kg6 54. Re4 Rd1 55. Kh3 Kf5 56. Rb4 Rd5 57. Rf4+ Kg5 58. axb5 Rxb5 59. Ra4 Rxb3 60. Rxa6 h4 61. f4+ Kh5 62. Ra5+ Kg6 63. Kxh4 Rb1 64. Ra6 Rh1+ 65. Kg4 Rf1 66. Ra5 Rc1 67. f5+ Kh6 68. Ra4 Rb1 69. Kf4 Rf1+ 70. Kg4 Rb1 71. Kf4 Rf1+ 72. Kg4 Rb1 73. Kf4 Rf1+ 1/2-1/2

[Event "Regionalliga SO 9596"]
[Site "Bayern"]
[Date "1995.10.15"]
[Round "1"]
[White "Flassak, Bernhard"]
[Black "Rossmanith, Alexander"]
[Result "1/2-1/2"]
[WhiteElo "1840"]
[BlackElo "1915"]
[PlyCount "38"]
[EventDate "1995.10.15"]
[EventType "team-tourn"]
[EventRounds "9"]
[EventCountry "GER"]
[SourceTitle "EXT 1999"]
[Source "ChessBase"]
[SourceDate "1998.11.16"]
[SourceVersion "1"]
[SourceVersionDate "1998.11.16"]
[SourceQuality "1"]
[WhiteTeam "Freising SK"]
[BlackTeam "Unterpfaff Germering"]
[WhiteTeamCountry "GER"]
[BlackTeamCountry "GER"]

1. e4 e5 2. Nf3 Nc6 3. Bc4 Bc5 4. 0-0 Nf6 5. d3 d6 6. Bg5 h6 7. Be3 Bb6 8. h3 Be6 9. Bxe6 fxe6 10. Nbd2 0-0 11. Nc4 Bxe3 12. fxe3 Qe7 13. Qe1 Nd7 14. Qg3 Rf6 15. a3 Kh7 16. Rf2 Raf8 17. Raf1 Qf7 18. b3 Qe7 19. a4 Rg6 1/2-1/2

[Event "Regionalliga SO 9495"]
[Site "Bayern"]
[Date "1995.??.??"]
[Round "?.6"]
[White "Flassak, Bernhard"]
[Black "Schneider, Roland"]
[Result "1-0"]
[WhiteElo "1845"]
[BlackElo "1920"]
[PlyCount "71"]
[EventDate "1994.10.??"]
[EventType "team-tourn"]
[EventRounds "9"]
[EventCountry "GER"]
[SourceTitle "EXT 1999"]
[Source "ChessBase"]
[SourceDate "1998.11.16"]
[SourceVersion "1"]
[SourceVersionDate "1998.11.16"]
[SourceQuality "1"]
[WhiteTeam "Freising SK"]
[BlackTeam "Passau II"]
[WhiteTeamCountry "GER"]
[BlackTeamCountry "GER"]

1. d4 Nf6 2. Nf3 e6 3. c4 d5 4. g3 dxc4 5. Bg2 Nc6 6. 0-0 Rb8 7. e3 Be7 8. Bd2 0-0 9. Qc2 b5 10. a4 a6 11. axb5 axb5 12. b3 Bd7 13. bxc4 b4 14. Rd1 Qc8 15. Bc1 Nd8 16. Ne5 c5 17. Nxd7 Nxd7 18. Nd2 e5 19. Nb3 exd4 20. exd4 cxd4 21. Nxd4 Bf6 22. Bb2 Nc5 23. Nf5 b3 24. Qb1 Qe6 25. Rd6 Qxc4 26. Rxf6 Nde6 27. Ne7+ Kh8 28. Rf3 Na4 29. Be5 Rb5 30. Rxb3 Qxb3 31. Qxb3 Rxb3 32. Rxa4 Rb1+ 33. Bf1 h6 34. Kg2 Nc5 35. Rg4 Ne4 36. Bc4 1-0

[Event "Regionalliga SO 9495"]
[Site "Bayern"]
[Date "1995.??.??"]
[Round "?.7"]
[White "Flassak, Bernhard"]
[Black "Schwab, Andreas"]
[Result "1/2-1/2"]
[WhiteElo "1990"]
[BlackElo "1990"]
[PlyCount "54"]
[EventDate "1994.10.??"]
[EventType "team-tourn"]
[EventRounds "9"]
[EventCountry "GER"]
[SourceTitle "EXT 1999"]
[Source "ChessBase"]
[SourceDate "1998.11.16"]
[SourceVersion "1"]
[SourceVersionDate "1998.11.16"]
[SourceQuality "1"]
[WhiteTeam "Freising SK"]
[BlackTeam "Ebersberg Grafing"]
[WhiteTeamCountry "GER"]
[BlackTeamCountry "GER"]

1. d4 Nf6 2. c4 e6 3. Nf3 b6 4. g3 Bb7 5. Bg2 Be7 6. Nc3 Ne4 7. Nxe4 Bxe4 8. 0-0 0-0 9. b3 d5 10. Bb2 dxc4 11. bxc4 c5 12. Ne5 Bxg2 13. Kxg2 cxd4 14. Qxd4 Qxd4 15. Bxd4 f6 16. Nd3 Rd8 17. Be3 Na6 18. a4 Nb4 19. Nxb4 Bxb4 20. Rfb1 Bd2 21. Kf3 Bxe3 22. Kxe3 Rac8 23. a5 Rxc4 24. axb6 Rc3+ 25. Ke4 Rdc8 26. e3 R8c4+ 27. Kf3 axb6 1/2-1/2